000 00729 a2200205 4500
001 62479
005 20260407155918.0
008 260407a1977 arg spa d
003 AR-UNSa-BCEJYS
040 _aAR-UNSa-BCEJYS
_bspa
_cAR-UNSa-BCEJYS
080 _a35.08
_xPersonal administrativo. Funcionarios. plantilla. función pública. Teoría, organización
245 1 0 _aLa función pública española y el sistema de reclutamiento de administradores generales
020 _a978-84-7351-129-2
264 1 _aMadrid :
_bInstituto Nacional de Administración Pública (INAP)
_c1977
300 _a205 p.
_c20 cm.
041 _aspa
942 _cBK
590 _aniveau_biblio:m niveau_hierar:0
100 1 _aPenna, Atilio Armando
999 _c7673
_d7673